[Event "Olympiad Women 2024"]
[Site "Budapest HUN"]
[Date "2024.09.12"]
[Round "2.42"]
[Board "3"]
[White "Benzon, Tiffany"]
[Black "Brown, Raehanna"]
[Result "0-1"]
[WhiteElo "1610"]
[BlackElo "1910"]
[PlyCount "56"]
[EventDate "2024.09.11"]
[WhiteTeam "Guam"]
[BlackTeam "Jamaica"]
[WhiteTeamCountry "GMA"]
[BlackTeamCountry "JAM"]

1. e4 c5 2. Nf3 Nc6 3. Bb5 g6 4. Nc3 Bg7 5. O-O e5 6. a3 Nge7 7. d3 ({RR} 7. b4 d6 8. bxc5 dxc5 9. d3 O-O 10. Bc4 Nd4 11. h3 Be6 12. Nd2 Qd7 13. a4 b6 14. Bxe6 Qxe6 15. Nc4 f5 16. Bg5 Nec6 17. Nd5 Qf7 18. f3 Ne6 19. Bh4 Nf4 20. a5 bxa5 21. Nxa5 Nxd5 {½-½ Wei,Y (2737)-Yu,Y (2734) Shenzhen Celebrity 5th rapid 2015 (4)}) 7... O-O 8. Be3 ({RR} 8. Bc4 d6 9. h3 h6 10. Nd5 Kh7 11. Nh2 f5 12. exf5 Bxf5 13. Ng4 Nxd5 14. Bxd5 Qd7 15. Ne3 Be6 16. c4 Bxd5 17. Nxd5 Ne7 18. Nxe7 Qxe7 19. Rb1 Rad8 20. Qg4 Qd7 21. Qxd7 Rxd7 22. Be3 h5 {½-½ Palmer Pifarre,J (1567)-Lambert Pont,M (2058) XXIII Foment Martinenc Op 2023 (7.12)}) 8... d6 9. Bxc6 $146 ({RR} 9. Bc4 Nd4 10. Nd5 Be6 11. Bg5 Bxd5 12. Bxd5 Ne6 13. Bxe6 fxe6 14. Qd2 Qd7 15. h3 Nc6 16. c3 Nd8 17. Nh2 Nf7 18. Be3 Rac8 19. f4 b6 20. Rf2 d5 21. Qe2 d4 22. Bd2 dxc3 23. Bxc3 exf4 {0-1 Qiu,M (2167)-Dai,C (2506) Tianjin Binhai Cup 2nd 2020 (4)}) 9... bxc6 10. Bg5 h6 11. Bh4 f5 12. Bxe7 Qxe7 13. Nd2 fxe4 14. dxe4 Ba6 15. Re1 Qf6 16. f3 h5 17. b4 Bh6 18. Nf1 Rad8 19. Ne3 Bf4 20. Qb1 Qh4 21. Qb3+ c4 22. Nxc4 Bxh2+ 23. Kf1 d5 24. b5 cxb5 25. Ne3 b4+ 26. Ne2 Bg3 27. Kg1 Qh2+ 28. Kf1 Qh1# 0-1

[Event "Olympiad Women 2024"]
[Site "Budapest HUN"]
[Date "2024.09.12"]
[Round "2.42"]
[Board "4"]
[White "Watson, Gabriella"]
[Black "Nacario, Ruth"]
[Result "1-0"]
[WhiteElo "1826"]
[BlackElo "1607"]
[PlyCount "35"]
[EventDate "2024.09.11"]
[WhiteTeam "Jamaica"]
[BlackTeam "Guam"]
[WhiteTeamCountry "JAM"]
[BlackTeamCountry "GMA"]

1. d4 Nf6 2. Bf4 d6 3. Nc3 g6 4. e4 Nbd7 5. Qd2 Bg7 6. Bh6 ({RR} 6. O-O-O O-O 7. f3 a6 8. Bh6 b5 9. g4 Bb7 10. h4 b4 11. Nb1 Bxe4 12. fxe4 Nxe4 13. Qf4 Bxh6 14. Qxh6 Nf2 15. Bg2 Nxh1 16. Bxh1 Rb8 17. h5 e6 18. Be4 Qf6 19. Ne2 Qg7 20. Qe3 e5 {0-1 Bartczak,H (1479)-Kwiecinski,R (1496) 283rd YMCA Winter B 2024 (4)}) 6... O-O 7. O-O-O a6 $146 ({RR} 7... c6 8. h4 b5 9. f3 Nb6 10. Bxg7 Kxg7 11. h5 b4 12. Nce2 Rb8 13. Kb1 Nc4 14. Qg5 h6 15. Qg3 g5 16. Nc1 a5 17. Bxc4 a4 18. Nge2 a3 19. b3 Qb6 20. Nd3 d5 21. exd5 cxd5 22. Bxd5 {0-1 Boehme,M (2114)-Kopylov,D (2348) GER-ch Net blitz qual4 2020 (2)}) 8. h4 b5 9. f3 c5 10. dxc5 Nxc5 11. e5 Ne8 12. Bxg7 Kxg7 13. h5 b4 14. hxg6 Rh8 15. Qh6+ Kg8 16. gxh7+ Rxh7 17. Qxh7+ Kf8 18. Qh8# 1-0

[Event "Olympiad Women 2024"]
[Site "Budapest HUN"]
[Date "2024.09.12"]
[Round "2.43"]
[Board "1"]
[White "Rouda Essa, Alserkal"]
[Black "Magno, Angelica"]
[Result "1-0"]
[WhiteElo "2036"]
[BlackElo "1544"]
[PlyCount "85"]
[EventDate "2024.09.11"]
[WhiteTeam "United Arab Emirates"]
[BlackTeam "Palau"]
[WhiteTeamCountry "UAE"]
[BlackTeamCountry "PAL"]

1. e4 c5 2. Nf3 Nc6 3. d4 cxd4 4. Nxd4 g6 5. Nc3 Bg7 6. Be3 Nf6 7. Bc4 O-O 8. Bb3 d6 9. f3 a6 ({RR} 9... a5 10. O-O Nxd4 11. Bxd4 Bd7 12. a4 Bc6 13. Qd2 Nd7 14. Kh1 Bxd4 15. Qxd4 Qb6 16. Qd2 Nc5 17. Bc4 Qb4 18. b3 Bxa4 19. Bxf7+ Rxf7 20. bxa4 Qc4 21. Rfb1 Rc8 22. Nd5 Rcf8 23. h3 Qa6 24. Rb5 {0-1 Cheparinov,I (2679)-Andriasian,Z (2564) Dos Hermanas Internet f 10th blitz 2009 (3.3)}) 10. a4 ({RR} 10. O-O Na5 11. Qd2 Nxb3 12. Nxb3 Re8 13. Rae1 Qc7 14. Qf2 b5 15. Rd1 Rb8 16. Bd4 e5 17. Ba7 Rb7 18. Be3 Be6 19. Nd5 Nxd5 20. exd5 Bd7 21. f4 f5 22. fxe5 Bxe5 23. Bd4 Rbb8 24. Rfe1 Rbc8 {1-0 Hylands,L (1883)-Dicen,I (1630) BCF-chT2 S4 (4NCL) online 2021 (1.53)}) 10... Bd7 11. O-O Kh8 $146 ({RR} 11... Qa5 12. Qd2 Nxd4 13. Bxd4 Bc6 14. Rad1 Rfe8 15. Rfe1 Nd7 16. Nd5 Qxd2 17. Rxd2 Rac8 18. c3 Bxd4+ 19. Rxd4 Nc5 20. Bd1 {1-0 Llano Buritica,E (1817)-Londono,N (1775) Medellin Aristizabal Cup 2017 (7)}) 12. Re1 e5 13. Nxc6 Bxc6 14. a5 Qe7 15. Qd2 Nd7 16. Rad1 Rad8 17. Qxd6 Qh4 18. Bf2 Qg5 19. Qd2 Qe7 20. Nd5 Bxd5 21. Qxd5 b6 22. Qb7 Bf6 23. axb6 Nc5 24. Qxe7 Bxe7 25. Rxd8 Rxd8 26. Bxf7 Na4 27. b3 Nc3 28. Bc4 Bb4 29. Bxa6 Nd1 30. Rf1 Nxf2 31. Kxf2 Bc5+ 32. Ke2 Bxb6 33. Rd1 Ra8 34. Bb7 Ra2 35. Kd3 Ra7 36. Bd5 Kg7 37. Kc4 Rc7+ 38. Kb5 Bd4 39. Bc6 Rc8 40. b4 Rb8+ 41. Kc4 Kf8 42. c3 Be3 43. Rd7 1-0

[Event "Olympiad Women 2024"]
[Site "Budapest HUN"]
[Date "2024.09.12"]
[Round "2.43"]
[White "Gemota, Joan"]
[Black "Al Maamari, Wafia Darwish"]
[Result "0-1"]
[WhiteElo "1567"]
[BlackElo "1908"]
[PlyCount "64"]
[EventDate "2024.09.11"]
[WhiteTeam "Palau"]
[BlackTeam "United Arab Emirates"]
[WhiteTeamCountry "PAL"]
[BlackTeamCountry "UAE"]

1. e4 c5 2. Bc4 e6 3. Nf3 a6 4. a3 b5 5. Be2 ({RR} 5. Ba2 Bb7 6. d3 d6 7. Be3 Nf6 8. Nbd2 Be7 9. O-O O-O 10. c4 Nbd7 11. d4 Nxe4 12. d5 exd5 13. cxd5 Nxd2 14. Nxd2 Bf6 15. Qc2 Ne5 16. Rad1 g6 17. Ne4 Bg7 18. Bb1 Bc8 19. Bg5 f6 {0-1 Vallario,M-Buzzi,D (2215) Asiag Ludi Univ tt 1991 (2)}) ({RR} 5. Ba2 Bb7 6. O-O Be7 7. d4 cxd4 8. Qxd4 Nf6 9. Nbd2 Nc6 10. Qd3 Qc7 11. Re1 d6 12. c4 b4 13. h3 O-O 14. Nb3 Rfd8 15. Bb1 Rac8 16. Bd2 Ne5 17. Qe3 bxa3 18. Nxe5 axb2 19. Ra2 dxe5 {½-½ Richards,G (1564)-Wilson,M (1832) 19th South Wales Int 2024 (8.22)}) 5... Bb7 6. d3 g6 $146 ({RR} 6... Nc6 7. O-O d6 8. c3 Nf6 9. Bg5 Be7 10. Nbd2 h6 11. Be3 O-O 12. h3 Qc7 13. Qc2 d5 14. Rfc1 Rac8 15. Nb3 dxe4 16. dxe4 Nxe4 17. Ne1 f5 18. f3 Qg3 19. Rd1 Ne5 20. Nd2 Bg5 21. Kh1 {0-1 Atem,J (1840)-Zaczek,J (2101) Manitoba-ch qual 2010 (4.4)}) ({RR} 6... Nf6 7. O-O Be7 8. h3 O-O 9. Nh2 Nc6 10. c3 d5 11. exd5 Nxd5 12. Nd2 Nf4 13. Ne4 Nxe2+ 14. Qxe2 Qd5 15. Ng4 Rad8 16. Rd1 e5 17. Ne3 Qd6 18. Nf1 f5 19. Neg3 Qg6 20. f4 Bd6 21. Qf2 {0-1 Danilyants,T-Kotolupov,A Khabarovsk Region-ch 2010 (7)}) 7. c3 Bg7 8. a4 b4 9. cxb4 cxb4 10. Nbd2 Ne7 11. Rb1 Nbc6 12. Nc4 d5 13. Ne3 O-O 14. O-O Rc8 15. Ng4 dxe4 16. Ne1 exd3 17. Nxd3 Qa5 18. b3 Nd5 19. Qd2 Nc3 20. Bb2 Nd4 21. Rbe1 Ncxe2+ 22. Rxe2 Rc2 23. Qh6 Nxe2+ 24. Kh1 Rxb2 25. Qe3 Qd5 26. f3 Rxb3 27. Qxe2 Qxd3 28. Qxd3 Rxd3 29. Nf2 Rd2 30. h3 b3 31. Kg1 Bd4 32. Kh2 Rxf2 0-1

[Event "Olympiad Women 2024"]
[Site "Budapest HUN"]
[Date "2024.09.12"]
[Round "2.43"]
[Board "3"]
[White "Mariam, Essa"]
[Black "Sisior, Dilyolt Kyarii Parrado"]
[Result "1-0"]
[WhiteElo "1779"]
[BlackElo "1488"]
[PlyCount "59"]
[EventDate "2024.09.11"]
[WhiteTeam "United Arab Emirates"]
[BlackTeam "Palau"]
[WhiteTeamCountry "UAE"]
[BlackTeamCountry "PAL"]

1. e4 e5 2. Nf3 Nc6 3. Bb5 a6 4. Ba4 b5 5. Bb3 Na5 6. Nxe5 Nxb3 7. axb3 d6 8. Nf3 Bb7 9. O-O Bxe4 10. Re1 Nf6 $146 ({RR} 10... Be7 11. Rxe4 Nf6 12. Re1 O-O 13. d4 d5 14. Bd2 c6 15. Nc3 Qc7 16. Ne2 Ne4 17. Ng3 Nxg3 18. hxg3 Rae8 19. Rxa6 f5 20. Ne5 Bf6 21. Nxc6 Rxe1+ 22. Qxe1 Bd8 23. Qe6+ {1-0 Grout,L-Mendoza,D (1005) US Collegiate Blitz 2020 (6)}) 11. d3 Be7 12. dxe4 O-O 13. Nc3 Qd7 14. Bg5 Rad8 15. e5 Ng4 16. Bxe7 Qxe7 17. exd6 Qd7 18. h3 Nf6 19. Rxa6 c6 20. Ne5 Qf5 21. Nxc6 Rde8 22. Ne7+ Rxe7 23. dxe7 Re8 24. Qd8 h6 25. Rxf6 Qxf6 26. Qxe8+ Kh7 27. Qxb5 Qd6 28. Qf5+ g6 29. Qxf7+ Kh8 30. e8=R+ 1-0

[Event "Olympiad Women 2024"]
[Site "Budapest HUN"]
[Date "2024.09.12"]
[Round "2.43"]
[Board "4"]
[White "Parrado, Angelica"]
[Black "Almaamari, Zainab Darwish"]
[Result "0-1"]
[WhiteElo "1741"]
[BlackElo "1661"]
[PlyCount "134"]
[EventDate "2024.09.11"]
[WhiteTeam "Palau"]
[BlackTeam "United Arab Emirates"]
[WhiteTeamCountry "PAL"]
[BlackTeamCountry "UAE"]

1. d4 Nf6 2. c4 e6 3. g3 Bb4+ 4. Nd2 O-O 5. Bg2 Nc6 6. Ngf3 d6 7. O-O Bxd2 8. Bxd2 Bd7 $146 ({RR} 8... a5 9. Qc2 Qe7 10. e4 e5 11. d5 Nb8 12. b3 Nbd7 13. Bc3 Nc5 14. Nd2 Bd7 15. Rae1 b5 16. f4 Ng4 17. h3 Nh6 18. fxe5 dxe5 19. Nf3 f6 20. Bd2 Nf7 21. Be3 b4 22. Rb1 a4 23. Ne1 {1-0 Umansky,M (2414)-Lickleder,A (2199) Landesliga Sued 0809 2008 (3.1)}) ({RR} 8... Qe7 9. Bg5 h6 10. Bxf6 Qxf6 11. e3 e5 12. d5 Nb8 13. Rc1 a5 14. c5 Na6 15. cxd6 cxd6 16. e4 Bg4 17. h3 Bxf3 18. Bxf3 Nc5 19. Qe2 b5 20. Bg2 Rab8 21. Rfe1 Rfc8 22. h4 Rc7 23. Rc2 {0-1 Jimenez Jimenez,L (2098)-Hamidi,A (2204) Titled Tue 26th Mar Late 2024 (1)}) ({RR} 8... Ne4 9. Be3 Qe7 10. Qc2 f5 11. d5 Nb4 12. Qb3 Na6 13. dxe6 Nac5 14. Qc2 Nxe6 15. Nd4 Nxd4 16. Bxd4 Bd7 17. Rfe1 c5 18. Bc3 Bc6 19. f3 Nxc3 20. Qxc3 f4 21. Rad1 Rad8 22. Kf2 Qe5 23. e3 {½-½ Narhi,K (2012)-Halmeenmaki,T (2114) FIN-chT 2022 2020 (1.7)}) 9. Qc2 e5 10. dxe5 dxe5 11. Bc3 Re8 12. Rad1 Qc8 13. b4 Bf5 14. Qb2 Qe6 15. Nh4 Bh3 16. Bd5 Qe7 17. Rfe1 Nd8 18. b5 Nxd5 19. cxd5 b6 20. Nf3 f6 21. e4 Bg4 22. Rd3 Bxf3 23. Rxf3 Nf7 24. h4 Qd7 25. Kg2 a6 26. a4 Nd6 27. Bb4 Nc4 28. Qe2 axb5 29. axb5 Qxb5 30. Rb3 Qa6 31. Rc1 b5 32. Qg4 Qa2 33. Rbc3 Rad8 34. R1c2 Qa7 35. Rf3 Qa4 36. Bc5 Qxc2 37. Rxf6 Nd2 38. Rc6 Qxe4+ 39. Qxe4 Nxe4 40. Be3 Rxd5 41. Rxc7 Nd6 42. Kh3 Nf5 43. Bc5 Red8 44. h5 Nd4 45. Bb4 R8d7 46. Rc8+ Rd8 47. Rc7 Ne6 48. Re7 Ng5+ 49. Kg2 e4 50. g4 Nf7 51. Kg3 Rd4 52. Bc5 Rc4 53. Bb6 Rd3+ 54. Kh4 g5+ 55. hxg6 hxg6 56. Be3 Kg7 57. g5 b4 58. Bf4 Rd5 59. Be3 Rb5 60. Rd7 b3 61. Rd1 b2 62. Rb1 Kh7 63. Kg4 Ne5+ 64. Kg3 Nd3 65. Rh1+ Kg7 66. Rb1 Kf7 67. Rh1 b1=Q 0-1

[Event "Olympiad Women 2024"]
[Site "Budapest HUN"]
[Date "2024.09.12"]
[Round "2.44"]
[Board "1"]
[White "Georgina Sackie"]
[Black "Chung Hurtado, Yaleika"]
[Result "1-0"]
[WhiteElo "1688"]
[BlackElo "1832"]
[PlyCount "153"]
[EventDate "2024.09.11"]
[WhiteTeam "Liberia"]
[BlackTeam "Panama"]
[WhiteTeamCountry "LBR"]
[BlackTeamCountry "PAN"]

1. d4 d5 2. c4 e6 3. Nc3 a6 4. cxd5 exd5 5. Nf3 c6 6. Bg5 Be7 7. Bxe7 Nxe7 8. e3 Qb6 $146 ({RR} 8... O-O 9. Bd3 Bf5 10. Qc2 Bxd3 11. Qxd3 Nd7 12. O-O Re8 13. Rac1 Nb6 14. Qc2 Nec8 15. Ne5 Nd6 16. Na4 Nxa4 17. Qxa4 f6 18. Nd3 Re7 19. Nc5 Qe8 20. Qb4 Rd8 21. b3 h5 22. Qd2 Qg6 23. Qe2 {0-1 Samu,G (2294)-Ardelean,G (2492) HUN-chT2 Toth 1819 2018 (10.1)}) ({RR} 8... O-O 9. Be2 Nd7 10. O-O Nf6 11. h3 Bf5 12. Nh4 Bg6 13. Nxg6 hxg6 14. Na4 Nf5 15. Nc5 Nd6 16. a4 Qe7 17. Qb3 a5 18. g3 g5 19. Kg2 g6 20. Rh1 Kg7 21. Bd3 Rh8 22. Rae1 Rhe8 23. Bc2 {1-0 Caruana,F (2796)-Ratkovic,M (2489) Titled Tue 23rd Jul Early 2024 (5)}) ({RR} 8... O-O 9. Bd3 Bf5 10. O-O Nd7 11. b4 Bxd3 12. Qxd3 b5 13. e4 dxe4 14. Nxe4 Nd5 15. a3 f5 16. Nc3 Qf6 17. Rfe1 Rfe8 18. Kf1 g6 19. Nxd5 cxd5 20. Rxe8+ Rxe8 21. Re1 Re4 22. Rc1 Nb6 23. Rc5 {½-½ Begunov,K (2325)-Vetoshko,V (2505) Titled Tue 30th Jan Early 2024 (2)}) ({RR} 8... O-O 9. Bd3 Bf5 10. O-O Nd7 11. Rc1 Nf6 12. Ne5 g6 13. Qb3 Bxd3 14. Nxd3 Rb8 15. Na4 Nf5 16. Qb6 Qe7 17. Qb4 Nd6 18. Rfe1 Rfe8 19. b3 h5 20. Ne5 Kg7 21. Nc5 Rbc8 22. h3 Ng8 23. Qd2 {1-0 Kolay,A (2188)-Homa,S (2237) Charlotte CCCSA Summer IM-B 2022 (3)}) 9. Qc2 Bf5 10. Bd3 Bxd3 11. Qxd3 f5 12. Rb1 Nd7 13. b4 O-O 14. O-O Qc7 15. a4 Qd6 16. Ne2 Ng6 17. h4 Qf6 18. h5 Ne7 19. g3 h6 20. Kg2 Qf7 21. Nf4 g5 22. hxg6 Nxg6 23. Rh1 Nxf4+ 24. gxf4 Qg6+ 25. Kf1 Kf7 26. Nh4 Qh5 27. Qxf5+ Qxf5 28. Nxf5 Kg6 29. Ng3 Nb6 30. a5 Nc4 31. Kg2 Rae8 32. Rbe1 Nd6 33. Rh4 Nf5 34. Nxf5 Rxf5 35. Rg4+ Kh7 36. Kf3 Re4 37. Reg1 Rf7 38. Kg3 Re6 39. Kh4 Ref6 40. Rg8 Re7 41. R1g4 Rc7 42. Re8 Rff7 43. Rgg8 Rce7 44. Rh8+ Kg6 45. Rhg8+ Kf5 46. f3 Ke6 47. Kg3 Kd7 48. Rxe7+ Rxe7 49. Kf2 Rh7 50. f5 Ke7 51. e4 Kf7 52. Rd8 Ke7 53. Rb8 Kf6 54. Kg3 dxe4 55. fxe4 Rd7 56. Kf4 Rxd4 57. Rxb7 h5 58. Rc7 Rc4 59. Rh7 Rxb4 60. Rh6+ Kg7 61. Rxc6 h4 62. Rxa6 h3 63. Rg6+ Kf7 64. Rh6 Ra4 65. Rxh3 Rxa5 66. Rh7+ Kg8 67. Rb7 Ra4 68. f6 Ra1 69. Kf5 Rf1+ 70. Ke6 Rf2 71. e5 Rf3 72. Rg7+ Kf8 73. Rd7 Kg8 74. Ke7 Rf5 75. e6 Rf3 76. Rd8+ Kh7 77. f7 1-0

[Event "Olympiad Women 2024"]
[Site "Budapest HUN"]
[Date "2024.09.12"]
[Round "2.44"]
[Board "2"]
[White "Vasquez Jaen, Lourdes Lorena"]
[Black "Meleh M. Davis"]
[Result "1-0"]
[WhiteElo "1821"]
[BlackElo "1602"]
[PlyCount "93"]
[EventDate "2024.09.11"]
[WhiteTeam "Panama"]
[BlackTeam "Liberia"]
[WhiteTeamCountry "PAN"]
[BlackTeamCountry "LBR"]

1. e4 c6 2. d4 d5 3. exd5 cxd5 4. c4 Nc6 5. Nc3 Nf6 6. c5 e5 7. dxe5 Nxe5 ({RR} 7... Ng4 8. Qxd5 Be6 9. Qxd8+ Rxd8 10. Bg5 Bxc5 11. Bxd8 Bxf2+ 12. Kd1 Kxd8 13. Nf3 Bb6 14. Bb5 Nf2+ 15. Ke2 Nxh1 16. Rxh1 Nd4+ 17. Kd3 Nxb5 18. Nxb5 Ke7 19. Nbd4 Rd8 20. b3 g5 21. h3 h5 22. Ke4 {0-1 Barle,J (2415)-Fridman,D (2650) EU-ch 11th Rijeka 2010 (1)}) 8. Bf4 ({RR} 8. Bb5+ Nc6 9. Be3 Be7 10. h3 O-O 11. Nf3 a6 12. Ba4 Re8 13. O-O h6 14. Re1 Be6 15. Nd4 Bd7 16. Qf3 Ne5 17. Qg3 Bxc5 18. Bxd7 Qxd7 19. Bxh6 Ng6 20. Be3 Bb4 21. Rac1 Bd6 22. Qg5 Re5 {½-½ Manon Og,R (1960)-Viana,V (1923) Titled Tue 16th Jul Early 2024 (3)}) 8... Ng6 9. Be3 Be7 10. Bb5+ $146 ({RR} 10. Nf3 O-O 11. b4 a5 12. b5 Bg4 13. Be2 Rc8 14. Na4 Qc7 15. O-O Nf4 16. Rc1 Rfe8 17. Re1 Nxe2+ 18. Rxe2 Bxf3 19. gxf3 Qe5 20. Rd2 Rcd8 21. Rd4 Qh5 22. Bf4 Bf8 23. c6 bxc6 24. bxc6 Bb4 {1-0 Scheck,H-Frick,C (2250) Oberliga Wuerttemberg 9293 1992}) 10... Bd7 11. Bxd7+ Qxd7 12. Nf3 O-O 13. O-O Rfd8 14. Ne2 Ne4 15. Rc1 Qb5 16. Nfd4 Qxb2 17. a4 Bxc5 18. f3 Bxd4 19. Bxd4 Qd2 20. fxe4 Qxd1 21. Rfxd1 dxe4 22. Ng3 Rac8 23. Rxc8 Rxc8 24. Bxa7 Ra8 25. Bb6 Rxa4 26. Rd8+ Nf8 27. Bc5 g6 28. Rxf8+ Kg7 29. Re8 f5 30. Re7+ Kf6 31. Rxh7 Ra1+ 32. Kf2 Ra2+ 33. Ne2 f4 34. Rxb7 Rc2 35. Bd6 g5 36. Be7+ Kf5 37. Rb5+ Ke6 38. Bxg5 f3 39. gxf3 exf3 40. Kxf3 Rc4 41. h4 Rc8 42. h5 Kf7 43. Rb7+ Kg8 44. h6 Rf8+ 45. Kg4 Kh8 46. Nf4 Kg8 47. h7+ 1-0

[Event "Olympiad Women 2024"]
[Site "Budapest HUN"]
[Date "2024.09.12"]
[Round "2.44"]
[Board "3"]
[White "Abigail Karyah"]
[Black "Caicedo Rios, Layla Yasmira"]
[Result "1-0"]
[WhiteElo "1790"]
[BlackElo "1803"]
[PlyCount "179"]
[EventDate "2024.09.11"]
[WhiteTeam "Liberia"]
[BlackTeam "Panama"]
[WhiteTeamCountry "LBR"]
[BlackTeamCountry "PAN"]

1. d4 Nf6 2. c4 e6 3. Nf3 d5 4. Nc3 Be7 5. cxd5 exd5 6. Bg5 O-O 7. Qc2 c6 8. e3 Nbd7 9. Bd3 Re8 10. O-O Nf8 11. Rab1 Ne4 12. Bf4 Nxc3 13. bxc3 Ng6 ({RR} 13... Bd6 14. Ne5 f6 15. Nf3 Bxf4 16. exf4 b5 17. a4 a6 18. Ra1 Bg4 19. Nd2 Qd6 20. h3 Be2 21. Bxe2 Rxe2 22. Qd3 Rae8 23. g3 Nd7 24. axb5 cxb5 25. Nf3 R2e7 26. Ra2 Qb6 27. Rfa1 Nb8 28. Qf5 {1-0 Orzech,D (2313)-Galuszka,T (2184) European Blitz 2022 (11.60)}) 14. Bg3 Bd6 ({RR} 14... b6 15. e4 dxe4 16. Bxe4 Bb7 17. Ne5 Nxe5 18. Bxh7+ Kh8 19. Bxe5 Bd6 20. Bxd6 Qxd6 21. Be4 Re6 22. Rfe1 Rae8 23. Re3 f5 24. Bxf5 Rxe3 25. fxe3 Rxe3 26. Qd2 Qe7 27. Rf1 Ba6 28. Rc1 Re2 29. Qf4 {½-½ Kramnik,V (2772)-Kerrigan,K Lyon sim 2001 (1)}) 15. Bxd6 $146 ({RR} 15. c4 Bxg3 16. hxg3 dxc4 17. Bxc4 Rb8 18. Rfd1 Be6 19. Bxe6 Rxe6 20. Qc5 a6 21. Qb6 Qc8 22. a4 Ne7 23. a5 Nd5 24. Qc5 Nc7 25. Qf5 g6 26. Qh3 f6 27. Rdc1 Qd8 28. Rc5 Re7 29. g4 Ne6 {0-1 Trmota,Z (2275)-Giessmann,S (1774) Landesliga Nord 9899 1998 (7.1)}) ({RR} 15. e4 Bxg3 16. hxg3 dxe4 17. Bxe4 Qc7 18. Rfe1 Be6 19. c4 Rac8 20. Ng5 Qa5 21. Bxg6 Qxg5 22. Bxh7+ Kh8 23. Be4 Re7 24. Rbd1 Rce8 25. Bf3 Bf5 26. Qc3 Qf6 27. Rxe7 Rxe7 28. Qd2 Be4 29. Bxe4 Rxe4 {1-0 Cervino Rossel,C (2018)-Pinel Mirasierra,J (1951) Madrid-ch sf-A 2014 (6)}) 15... Qxd6 16. a4 Bg4 17. Bxg6 fxg6 18. Ne5 Bf5 19. Nd3 Re7 20. Rb3 Rf8 21. Qd2 Qf6 22. Ne5 Qg5 23. a5 Qf6 24. Qb2 Bc8 25. Qa3 a6 26. Qb2 Qh4 27. Qe2 Rf6 28. Rfb1 g5 29. g3 Qh3 30. f3 Re8 31. Qg2 Qe6 32. Rb6 Ref8 33. R6b2 Qe7 34. g4 Qa3 35. Ra2 Qd6 36. Qe2 Qd8 37. Rb6 Qe8 38. Ra1 Rh6 39. Kg2 Rh4 40. c4 h5 41. h3 Rf6 42. cxd5 hxg4 43. fxg4 cxd5 44. Rxf6 gxf6 45. Nf3 Rh7 46. Rc1 Re7 47. Qc2 Bd7 48. Re1 Kg7 49. Qb3 Bc6 50. Qd3 Qd8 51. Qd2 Qd6 52. h4 Re4 53. Nh2 gxh4 54. Qf2 Qg3+ 55. Qxg3 hxg3 56. Kxg3 Kg6 57. Kf3 Kg5 58. Rb1 Re7 59. Rb3 Rh7 60. Kg3 Kg6 61. Nf3 Rh1 62. Ra3 Bb5 63. Kf4 Rh3 64. e4 Bc6 65. e5 Rh8 66. exf6 Kxf6 67. g5+ Kg7 68. Re3 Rf8+ 69. Kg4 Bd7+ 70. Kg3 Bf5 71. Re7+ Rf7 72. Rxf7+ Kxf7 73. Ne5+ Ke6 74. Kh4 Bh7 75. Kg4 Bf5+ 76. Kf4 Be4 77. Ng4 Bg6 78. Ne3 Be4 79. Kg4 Kf7 80. Nf5 Ke6 81. Nh4 Bh1 82. g6 Kf6 83. Kh5 Be4 84. Kh6 Bxg6 85. Nxg6 Kf5 86. Nf8 Ke4 87. Ne6 Kf5 88. Nc5 Kf4 89. Kg6 Ke3 90. Ne6 1-0

[Event "Olympiad Women 2024"]
[Site "Budapest HUN"]
[Date "2024.09.12"]
[Round "2.44"]
[Board "4"]
[White "Carrillo Marval, Maria Angelica"]
[Black "Princess K. Banney"]
[Result "1-0"]
[WhiteElo "1795"]
[BlackElo "1447"]
[PlyCount "77"]
[EventDate "2024.09.11"]
[WhiteTeam "Panama"]
[BlackTeam "Liberia"]
[WhiteTeamCountry "PAN"]
[BlackTeamCountry "LBR"]

1. e4 c6 2. d4 d5 3. Nc3 dxe4 4. Nxe4 Nf6 5. Nxf6+ exf6 6. Nf3 Bg4 7. Be2 Bd6 8. Be3 ({RR} 8. h3 Bh5 9. Nh4 Bg6 10. Be3 f5 11. g3 f4 12. Nxg6 hxg6 13. gxf4 Nd7 14. Qd3 Qa5+ 15. Bd2 Qf5 16. O-O-O Bxf4 17. Qa3 Bxd2+ 18. Rxd2 Qf4 19. Bc4 O-O-O 20. Qxa7 Rh5 21. Rhd1 Kc7 22. Ba6 Rb8 {1-0 Kupreichik,V (2500)-Hort,V (2565) Germany 1995}) 8... Nd7 ({RR} 8... O-O 9. O-O Re8 10. Re1 Nd7 11. Qd2 Nf8 12. Bf4 Qc7 13. Bxd6 Qxd6 14. h3 Bh5 15. Nh2 Bxe2 16. Rxe2 Rxe2 17. Qxe2 Qxd4 18. c3 Qd6 19. Rd1 Qc7 20. Qd3 Ne6 21. Qe3 g6 22. Ng4 Qe7 23. Qh6 {0-1 Dias,S (2068)-Sahin,S (2102) Titled Tue 28th May Early 2024 (11)}) 9. Qd2 Qc7 10. h3 Bxf3 $146 ({RR} 10... Bh5 11. O-O-O O-O-O 12. g4 Bg6 13. Nh4 Nb6 14. f4 Be4 15. Bf3 Bxf3 16. Nxf3 Nc4 {0-1 Horn,S (1349)-Jetzl,L (1323) Styrian op U14/18 27th 2021 (7)}) ({RR} 10... Bh5 11. Nh4 Bg6 12. Nxg6 hxg6 13. Bc4 f5 14. f4 Nf6 15. Bd3 Nd5 16. g3 Qe7 17. O-O-O O-O-O 18. Rde1 Rde8 19. Bf2 Qc7 20. Rxe8+ Rxe8 21. Re1 Rh8 22. h4 Nf6 23. c4 Qd8 24. c5 Bc7 25. b4 {0-1 Stojanovic,S (1919)-Ivanovic,V (2085) FRM-chT2 20th 2011 (4)}) 11. Bxf3 O-O 12. g4 Rfe8 13. O-O-O a5 14. Be2 b5 15. d5 Ra6 16. dxc6 Qxc6 17. Qd5 Rb8 18. Qxc6 Rxc6 19. Bf3 Ra6 20. Rd5 Ne5 21. Be2 Nc4 22. Bxc4 bxc4 23. Rxd6 Rxd6 24. Bf4 Rbb6 25. Bxd6 Rxd6 26. Rd1 Rxd1+ 27. Kxd1 Kf8 28. Kd2 Ke7 29. Kc3 Ke6 30. Kxc4 f5 31. gxf5+ Kxf5 32. Kd5 g5 33. c4 g4 34. hxg4+ Kxg4 35. c5 h5 36. c6 h4 37. c7 f5 38. c8=Q h3 39. Qg8+ 1-0

[Event "Olympiad Women 2024"]
[Site "Budapest HUN"]
[Date "2024.09.12"]
[Round "2.45"]
[Board "2"]
[White "Zenobia Wasif"]
[Black "Badenhorst, Chloe"]
[Result "0-1"]
[WhiteElo "1743"]
[BlackElo "1981"]
[PlyCount "76"]
[EventDate "2024.09.11"]
[WhiteTeam "Pakistan"]
[BlackTeam "South Africa"]
[WhiteTeamCountry "PAK"]
[BlackTeamCountry "RSA"]

1. e4 c6 2. d4 d5 3. e5 c5 4. c3 Nc6 5. Nf3 cxd4 6. cxd4 Bg4 7. Be2 e6 8. Nc3 Nge7 9. O-O Nf5 10. Be3 Be7 11. h3 Bh5 $146 ({RR} 11... Bxf3 12. Bxf3 Bg5 13. Bxg5 Qxg5 14. Nb5 O-O 15. Bg4 a6 16. Bxf5 axb5 17. Bc2 f6 18. Qd3 g6 19. f4 Qh6 20. Bb3 fxe5 21. fxe5 b4 22. a3 bxa3 23. bxa3 Rxf1+ 24. Rxf1 Rxa3 25. Qf3 Qg7 26. Qg4 {1-0 Golubenko,V (2209)-Lohani,S (1756) Titled Tue 12th Dec Early 2023 (11)}) ({RR} 11... Bxf3 12. Bxf3 O-O 13. Qd3 Bg5 14. Bg4 Bxe3 15. fxe3 g6 16. Bxf5 gxf5 17. Nb5 f6 18. Nd6 Qd7 19. Qc3 fxe5 20. dxe5 Rad8 21. Rac1 Nxe5 22. Nxb7 d4 23. exd4 Qxd4+ 24. Qxd4 Rxd4 25. Rc7 f4 26. Nc5 {1-0 Habiaga,R (2017)-Gullace,E (1842) Buenos Aires Masters 2024 (3.31)}) ({RR} 11... Bxf3 12. Bxf3 O-O 13. Qd3 Nxe3 14. fxe3 Rc8 15. Rf2 Bh4 16. Re2 a6 17. Rd1 Be7 18. e4 Nxd4 19. Red2 Qb6 20. Kh1 Nxf3 21. Qxf3 dxe4 22. Nxe4 Rfd8 23. Rxd8+ Rxd8 24. Rf1 Rf8 25. Nf6+ Bxf6 26. exf6 {0-1 Moloney,N (2040)-Wall,T (2250) Cappelle op 11th 1995 (2)}) 12. g4 Nxe3 13. fxe3 Bg6 14. a3 h5 15. Bd3 Bg5 16. Bxg6 fxg6 17. Qd3 Rh6 18. Nb5 hxg4 19. Nd6+ Qxd6 20. exd6 gxf3 21. Rxf3 Bf6 22. b4 Kd7 23. b5 Na5 24. Qc3 Nc4 25. e4 Rc8 26. Qc1 Bxd4+ 27. Kh1 Ne5 28. Qg5 Kxd6 29. Rg3 Bxa1 30. exd5 exd5 31. Qf4 Ke6 32. Re3 Rhh8 33. Re1 Rxh3+ 34. Kg2 Rch8 35. Qc1 Rh2+ 36. Kg3 R8h3+ 37. Kf4 Rf2+ 38. Kg5 Rh5# 0-1